000 00656nam a2200229 i 4500
001 17583
003 ES-MaACL
005 20231114062528.0
007 t|
008 010405s2000 sp ||||1| spa d
020 _a84-322-1081-1
080 _a821.134.2-84"19"
100 1 _aRíos, Julián.
_997370
245 1 3 _aLa vida sexual de las palabras /
_cJulián Ríos.
250 _a1ª ed. en Seix Barral.
260 _aBarcelona :
_bSeix Barral,
_c2000.
300 _a185 p. :
_bil. ;
_c23 cm.
490 1 _aBiblioteca breve
830 0 _aBiblioteca breve (Seix Barral)
_9227188
852 _aES-MaACL
_jL-24504
_bR.129841
999 _c17583
_d17583